000 00448nam a2200169Ia 4500
003 OSt
005 20240104162227.0
008 230406s9999 xx 000 0 und d
020 _a9789395737357
082 _a790
_bSULS
100 _aSulabh, Hrishikesh
245 0 _aSangrang : Nai Pidi ke 25 rangkarmiyo ki rachna prakriya
260 _aDelhi
_bRajkamal Prakashan Pvt. Ltd
_c2022
300 _a216p
650 _aCinema-Movies
942 _cBK
_2ddc
999 _c1622
_d1622